00381nam a2200121 a 450000500170000000800410001705000260005810000200008424500590010426000750016330000090023865000120024720140412111422.0080121s19uu xx 00 eng d aTR(GS 428.4bL14 2008 aLagera, Remy D. aA Compilation of Reading Strategies /cRemy D. Lagera. c2008.aLas pinas city :bSouthville International School and Colleges, a74p. aReading